La primera revolución industrial

Guardat en:
Dades bibliogràfiques
Autor principal: Deane, Phyllis (Autor)
Format: Llibre
Idioma:espanyol
Publicat: Barcelona Península 1968
Matèries:
Etiquetes: Afegir etiqueta
Sense etiquetes, Sigues el primer a etiquetar aquest registre!

MARC

LEADER 00000nam a2200000 a 4500
001 UCW9721
003 CL-VaPUC
008 890613e19680000SP |||||||||||||||||spa|d
082 0 4 |a 338.9  |b DEA  |2 21 
100 0 |a Deane, Phyllis  |e author  |9 315109 
245 1 3 |a La primera revolución industrial 
300 |a 334 p 
942 |c BK 
945 |d 19890613 00:00:00 
260 |a Barcelona  |b Península  |c 1968 
650 7 |a INDUSTRIA  |2 CL-VaPUC  |9 315110 
650 0 |a Historia  |9 255047 
583 |a last modification  |c 19890613 00:00:00  |k Rodrigo Vera 
999 |c 221624  |d 221622 
952 |0 0  |1 0  |4 0  |6 338_900000000000000_DEA_1968  |7 0  |8 A  |9 215269  |a BIBHIS  |b BIBHIS  |d 2019-11-15  |i 2837056  |o 338.9 DEA 1968  |p 2837056  |r 2025-01-20  |w 2019-11-15  |y BK  |k HIS 
952 |0 0  |1 0  |4 0  |6 338_900000000000000_DEA_1968  |7 0  |8 A  |9 215270  |a BIBHIS  |b BIBHIS  |d 2019-11-15  |i 3351017  |o 338.9 DEA 1968  |p 3351017  |r 2025-01-20  |w 2019-11-15  |y BK  |k HIS